Les vainqueurs au World Matchplay (fléchettes, 1994-2025) - Statistiques

Statistiques générales
  • Ce quiz a été pris 21 fois
  • Le résultat moyen est 15 sur 32
Statistiques - réponses
Années Vainqueurs Pays % Correct
2025 Luke Littler Angleterre
100%
2024 Luke Humphries Angleterre
87%
2022 Michael van Gerwen Pays-Bas
73%
2021 Peter Wright Écosse
73%
2016 Michael van Gerwen Pays-Bas
67%
2015 Michael van Gerwen Pays-Bas
67%
2018 Gary Anderson Écosse
60%
2009 Phil Taylor Angleterre
60%
2008 Phil Taylor Angleterre
60%
2006 Phil Taylor Angleterre
60%
2013 Phil Taylor Angleterre
53%
2012 Phil Taylor Angleterre
53%
2011 Phil Taylor Angleterre
53%
2010 Phil Taylor Angleterre
53%
2004 Phil Taylor Angleterre
53%
2003 Phil Taylor Angleterre
53%
2002 Phil Taylor Angleterre
53%
2014 Phil Taylor Angleterre
47%
2001 Phil Taylor Angleterre
47%
2000 Phil Taylor Angleterre
47%
1997 Phil Taylor Angleterre
47%
1995 Phil Taylor Angleterre
47%
2017 Phil Taylor Angleterre
40%
2019 Rob Cross Angleterre
40%
2020 Dimitri Van den Bergh Belgique
33%
2007 James Wade Angleterre
33%
2023 Nathan Aspinall Angleterre
27%
2005 Colin Lloyd Angleterre
0%
1994 Larry Butler États-Unis
0%
1996 Peter Evison Angleterre
0%
1999 Rod Harrington Angleterre
0%
1998 Rod Harrington Angleterre
0%
Aucun quiz correspondant
Distribution des résultats
% des personnes avec chaque résultat
Percentile par nombre de réponses
Votre historique - résultats
Vous n’avez pas pris ce quiz